| 000 | 01184 a2200229 4500 | ||
|---|---|---|---|
| 005 | 20080917162454.0 | ||
| 008 | 080917t xxu||||| |||| 00| 0 hin d | ||
| 010 | _aHIN-81789 | ||
| 020 |
_a8189606034 _c400.00 |
||
| 035 | _aHN-54135 | ||
| 037 | _bपु.प्र.अ.प्र/प्रका | ||
| 082 | _a921 | ||
| 100 | _aभिशीकर, चं.प. | ||
| 245 |
_aनवयुग प्रवर्तक श्री गुरूजीःमूल मराठी से अनुवादित/ _cचं.प.भिशीकर |
||
| 246 |
_aNavyug pravertak Sri Guruji :mul marathi se anuvadit _bby C. P. Bhishikar |
||
| 250 | _a2रा संस्क | ||
| 260 |
_aलखनऊ _bलोकहित प्रकाशन _c2005 |
||
| 270 |
_aसंस्कृति भवन, राजेन्द्र नगर _bलखनऊ _e226004 |
||
| 300 |
_a326पृ _b(सचित्र) _c22 सेमी (सजिल्द) |
||
| 942 |
_adpl _cHN _k921 / भिशीक _2ddc _h921 _mभिशीक |
||
| 999 |
_c9002 _d9002 |
||